• 首页
  • 本馆介绍
  • 公告通知
  • 最新文献
  • 馆藏检索
  • 电子资源
  • 读者导购
  • 参考咨询
  • 我的图书馆
  • 登录
  • 详细信息显示
  • 放入我的书架
  • 预约/预借图书
  • 作者相关作品
  • 分类相关作品
  • 丛书相关作品
  • 出版社相关作品

书目信息

  • 表格格式
  • 工作单格式
  • 卡片格式
题名:
工业会计专题讲座
    
 
作者: ;财务与会计编辑部 编
分册:  
出版信息: 天津   天津人民出版社  1982
页数: 343页
开本: 19cm
丛书名:
单 册:
中图分类: F406.72
科图分类:
主题词: 工业会计--讲座
电子资源:
ISBN:
000 00670nam0 2200229 45
001 0182003596
005 20060731164205.42
010    @dCNY0.89
091    @a4072.51
100    @a19950305d1982 em y0chiy0121 ea
101 0  @achi
102    @aCN@b120000
105    @ay z 000yy
200 10 @a工业会计专题讲座@Agong ye kuai ji zhuan ti jiang zuo@f《财务与会计》编辑部编
210    @a天津@c天津人民出版社@d1982
215    @a343页@d19cm
606    @a工业会计@x讲座
690    @aF406.72@v3
711 02 @a财务与会计编辑部@Acai wu yu kuai ji bian ji bu@4编
801  2 @aCN@bNLC@c20060731
801  0 @aCN@b上海图书馆@c20040429
905    @f1@b159352@dF406.72@e21@b92772@f1
    
    工业会计专题讲座/《财务与会计》编辑部编.-天津:天津人民出版社,1982
    343页;19cm
    
    
    ISBN :CNY0.89
    
●
相关链接 在E读中查询图书 在五车中查询图书 在当当中查询图书 在豆瓣中查询图书


正题名:工业会计专题讲座     索取号:F406.72/21         预约/预借

序号 登录号 条形码 馆藏地/架位号 状态 备注
1 0092772   000207699   第一借阅区/ [索取号:F406.72/21] 在馆    
2 0092773   000207733   第一样本阅览室/ [索取号:F406.72/21] 在馆    
3 0159352   000207779   密集书库/ [索取号:F406.72/21] 在馆    
4 0441012   204410128   密集书库/ [索取号:F406.72/21] 在馆    
5 0441013   204410137   密集书库/ [索取号:F406.72/21] 在馆    
唐山师范学院图书馆 欢迎您!
大连网信软件有限公司© 版权所有